Southville International School and Colleges
Your cart is empty.
  • Cart
  • Lists
    Public lists Eva Luna New books Lux_list list_1
    Your lists Log in to create your own lists
  • Log in to your account
  • Your cookies
  • Search history
Southville International School and Colleges
  • Advanced search
  • Recent comments
  • Most popular
  • Libraries

Log in to your account

Log in with GOOGLE


If you do not have an external account, but do have a local account, you can still log in:

  1. Home
  2. MARC view: The effects of technology in the online teacher of tourism faculty in Las Pinas City
Normal view MARC view ISBD view

The effects of technology in the online teacher of tourism faculty in Las Pinas City (Record no. 367245)

[ view plain ]
MARC details
000 -LEADER
fixed length control field 00882nam a22002177a 4500
003 - CONTROL NUMBER IDENTIFIER
control field 0
005 - DATE AND TIME OF LATEST TRANSACTION
control field 20250218110427.0
008 - FIXED-LENGTH DATA ELEMENTS--GENERAL INFORMATION
fixed length control field 250218b xxu||||| |||| 00| 0 eng d
050 ## - LIBRARY OF CONGRESS CALL NUMBER
Classification number G 155
Item number .Al45 2023
100 ## - MAIN ENTRY--PERSONAL NAME
Personal name Alibutud, Jose Miguel F.
245 ## - TITLE STATEMENT
Title The effects of technology in the online teacher of tourism faculty in Las Pinas City
Statement of responsibility, etc Jose Miguel F. Alibutud and Derrick Dale M. Tamse
260 ## - PUBLICATION, DISTRIBUTION, ETC. (IMPRINT)
Place of publication, distribution, etc Las Pinas City
Name of publisher, distributor, etc Southville International School and Colleges
Date of publication, distribution, etc c2023
300 ## - PHYSICAL DESCRIPTION
Extent x, 139 pages ;
Dimensions 28cm.
500 ## - GENERAL NOTE
General note Bachelor of Science in Tourism.<br/>
504 ## - BIBLIOGRAPHY, ETC. NOTE
Bibliography, etc Includes bibliographical references and appendices. <br/>
650 ## - SUBJECT ADDED ENTRY--TOPICAL TERM
Topical term or geographic name as entry element Tourism—Study and teaching—Philippines—Las Piñas.
650 ## - SUBJECT ADDED ENTRY--TOPICAL TERM
Topical term or geographic name as entry element Educational technology—Philippines.
650 ## - SUBJECT ADDED ENTRY--TOPICAL TERM
Topical term or geographic name as entry element Online teaching—Philippines.
650 ## - SUBJECT ADDED ENTRY--TOPICAL TERM
Topical term or geographic name as entry element Tourism faculty—Training—Philippines.
942 ## - ADDED ENTRY ELEMENTS (KOHA)
Source of classification or shelving scheme Library of Congress Classification
Koha item type Theses
Holdings
Withdrawn status Lost status Source of classification or shelving scheme Damaged status Home library Current library Shelving location Date acquired Source of acquisition Sub Shelving location Total Checkouts Full call number Barcode Date last seen Price effective from Koha item type
    Library of Congress Classification   College Library College Library Theses Section 02/18/2025 Donation     G 155 .Al45 2023 T1442 02/18/2025 02/18/2025 Theses

The effects of technology in the online teacher of tourism faculty in Las Pinas City

APA

Alibutud J. M. F., . (2023). The effects of technology in the online teacher of tourism faculty in Las Pinas City. Las Pinas City: Southville International School and Colleges.

Chicago

Alibutud Jose Miguel F, . 2023. The effects of technology in the online teacher of tourism faculty in Las Pinas City. Las Pinas City: Southville International School and Colleges.

Harvard

Alibutud J. M. F., . (2023). The effects of technology in the online teacher of tourism faculty in Las Pinas City. Las Pinas City: Southville International School and Colleges.

MLA

Alibutud Jose Miguel F, . The effects of technology in the online teacher of tourism faculty in Las Pinas City. Las Pinas City: Southville International School and Colleges. 2023.

  • Print
  • Cite
  • Add to your cart (remove)
  • Save record
    BIBTEX Dublin Core MARCXML MARC (non-Unicode/MARC-8) MARC (Unicode/UTF-8) MARC (Unicode/UTF-8, Standard) MODS (XML) RIS
  • More searches
    Search for this title in:
    Other Libraries (WorldCat) Other Databases (Google Scholar) Online Stores (Bookfinder.com) Open Library (openlibrary.org)

Exporting to Dublin Core...

SOUTHVILLE LIBRARY

Southville International School and Colleges Library

1281 Tropical Ave. Cor. Luxembourg St., BF Homes International, Las Pinas City

Tel. No. 8256374 / 252358 Loc. 117/146

Powered by Koha